Počítačová grafika

Bibliographic Details
Main Author: Ježek, František, 1948- (Author)
Format: Book
Language:Undetermined
PhysicalDescription:136 s.
Published: Praha ČVUT 1981

MARC

LEADER 00000nam a2200000 a 4500
001 vtls001319904
003 SK-MaSNL
005 20260301005355.0
008 240318s1981 xx 0 und
035 |a SNK000272524 
040 |a SNK  |b slo  |c SNK  |e AACR2 
100 1 |a Ježek, František,  |d 1948-  |4 aut  |9 93661 
245 1 0 |a Počítačová grafika 
260 |a Praha  |b ČVUT  |c 1981 
300 |a 136 s. 
958 |a OND 
999 |c 545010  |d 546940 
952 |t P60, <04>, [BOOK], {604}  |a SNK  |b SNK  |y VYP  |7 0  |p 17A0121297  |o snkIB 46845  |0 0  |1 0  |4 0  |d 1998-02-07  |l 0  |r 2005-01-02 00:00:00  |w 2026-02-23